Pays les plus au sud par région - Statistiques

Statistiques générales
  • Ce quiz a été pris 32 fois
  • Le résultat moyen est 10 sur 15
Statistiques - réponses
Hint Réponse % Correct
Pays le plus au sud d'Afrique Afrique du sud
96%
Pays le plus au sud d'Amérique du sud Chili
96%
Pays le plus au sud d'Océanie Nouvelle zélande
96%
Pays le plus au sud de la Scandinavie Danemark
93%
Pays le plus au sud d'Europe Espagne
93%
Pays le plus au sud de l’Amérique du nord et centrale Panama
93%
Pays le plus au sud d'Asie Indonésie
89%
Pays le plus au sud de la péninsule arabique Yemen
89%
Pays le plus au sud à avoir joué la coupe du monde de rugby Argentine
81%
Pays le plus au sud étant une monarchie absolue eSwatini
52%
Pays le plus au sud étant de l'ex URSS Turkmenistan
52%
Pays le plus au sud ayant une superficie inférieur à 1000 km Tonga
41%
Pays le plus au sud étant communiste Vietnam
41%
Pays le plus au sud ayant du orange sur son drapeau Zambie
15%
Pays le plus au sud utilisant le système métrique Libéria
0%
Aucun quiz correspondant
Distribution des résultats
% des personnes avec chaque résultat
Percentile par nombre de réponses
Votre historique - résultats
Vous n’avez pas pris ce quiz